000 00508nam a22001697a 4500
005 20251108165430.0
008 250721s1981 xx 000 0 ara d
082 1 4 _aم/759.955/زكي
100 1 _aحسن، زكي محمد
245 1 0 _aالتصوير في الإسلام عند الفرس /
264 1 _aبيرونت :
_bدار الرائد العربي،
_c1981.
300 _a84ص
650 1 7 _aالخط العربي
650 1 7 _aالرسم الإسلامي
942 _2ddc
_cREF
999 _c27770
_d27770